<?xml version="1.0" encoding="UTF-8"?>
<record
    xmlns:xsi="http://www.w3.org/2001/XMLSchema-instance"
    xsi:schemaLocation="http://www.loc.gov/MARC21/slim http://www.loc.gov/standards/marcxml/schema/MARC21slim.xsd"
    xmlns="http://www.loc.gov/MARC21/slim">

  <leader>03522cam a22005174i 4500</leader>
  <controlfield tag="003">PE-LiUPU</controlfield>
  <controlfield tag="005">20250731172908.0</controlfield>
  <controlfield tag="008">130918s2013    xx a    r     000 0 spa d</controlfield>
  <datafield tag="020" ind1=" " ind2=" ">
    <subfield code="a">1588026744</subfield>
  </datafield>
  <datafield tag="020" ind1=" " ind2=" ">
    <subfield code="a">9781588026743</subfield>
  </datafield>
  <datafield tag="035" ind1=" " ind2=" ">
    <subfield code="a">(Sirsi) i9781588026743</subfield>
  </datafield>
  <datafield tag="040" ind1=" " ind2=" ">
    <subfield code="a">PE-LiUPU</subfield>
    <subfield code="b">spa</subfield>
    <subfield code="c">PE-LiUPU</subfield>
    <subfield code="e">rda</subfield>
  </datafield>
  <datafield tag="049" ind1=" " ind2=" ">
    <subfield code="a">PRUA</subfield>
  </datafield>
  <datafield tag="050" ind1=" " ind2=" ">
    <subfield code="a">BS651</subfield>
    <subfield code="B">.H36 2006</subfield>
  </datafield>
  <datafield tag="082" ind1="0" ind2="4">
    <subfield code="a">213</subfield>
    <subfield code="b">H21</subfield>
    <subfield code="2">20</subfield>
  </datafield>
  <datafield tag="245" ind1="0" ind2="3">
    <subfield code="a">El libro de las respuestas :</subfield>
    <subfield code="b">sobre la creaci&#xF3;n y evoluci&#xF3;n /</subfield>
    <subfield code="c">Ken Ham, editor.</subfield>
  </datafield>
  <datafield tag="264" ind1=" " ind2="1">
    <subfield code="a">United States :</subfield>
    <subfield code="b">New Leaf Pr,</subfield>
    <subfield code="c">2013.</subfield>
  </datafield>
  <datafield tag="300" ind1=" " ind2=" ">
    <subfield code="a">312 p&#xE1;ginas :</subfield>
    <subfield code="b">ilustraciones ;</subfield>
    <subfield code="c">24 cent&#xED;metros</subfield>
  </datafield>
  <datafield tag="336" ind1=" " ind2=" ">
    <subfield code="a">text</subfield>
    <subfield code="2">rdacontent</subfield>
  </datafield>
  <datafield tag="337" ind1=" " ind2=" ">
    <subfield code="a">unmediated</subfield>
    <subfield code="2">rdamedia</subfield>
  </datafield>
  <datafield tag="338" ind1=" " ind2=" ">
    <subfield code="a">volume</subfield>
    <subfield code="2">rdacarrier</subfield>
  </datafield>
  <datafield tag="505" ind1=" " ind2=" ">
    <subfield code="a">&#xBF;Existe realmente un Dios? -- &#xBF;Por qu&#xE9; no deben los cristianos aceptar los millones de a&#xF1;os? -- &#xBF;No pudo Dios haber usado la evoluci&#xF3;n? -- &#xBF;Los creacionistas niegan las leyes naturales? -- &#xBF;Qu&#xE9; hay teor&#xED;as de la brecha y la ruina y reconstrucci&#xF3;n? -- La esposa de Ca&#xED;n &#xBF;qui&#xE9;n era? -- El m&#xE9;todo de fijar fechas con carbono 14 &#xBF;quita credibilidad a la Biblia? -- puede de veras Dios haberlo creado todo en seis d&#xED;as? -- La dataci&#xF3;n radiom&#xE9;trica &#xBF;demuestra que la tierra tiene millones de a&#xF1;os? -- &#xBF;Existi&#xF3; de veras el arca de No&#xE9;? &#xBF;hubo un diluvio? -- &#xBF;C&#xF3;mo llegaron a dispersarse los animales por el mundo desde el lugar en que repos&#xF3; el arca? -- &#xBF;Qu&#xE9; les sucedi&#xF3; en realidad a los dinosaurios? -- &#xBF;Por qu&#xE9; no se encuentran f&#xF3;siles humanos y de dinosaurios juntos? -- &#xBF;pueden las cat&#xE1;strofes de las placas tect&#xF3;nicas explicar la geolog&#xED;a del Diluvio? -- Los creacionistas &#xBF;no creen en cosas locas? -- &#xBF;D&#xF3;nde encaja la Hera de Hielo? -- &#xBF;En verdad hay diferentes razas? -- &#xBF;Existen los extraterrestres y los ovnis? -- Los a&#xF1;os luz &#xBF;son prueba de la antig&#xFC;edad del universo? -- &#xBF;Dijo literalmente, Jes&#xFA;s que lo creo todo en 6 d&#xED;as? -- &#xBF;Cu&#xE1;l es el origen de las estructuras de defensa y ataque? -- &#xBF;la selecci&#xF3;n natural &#xBF;es lo mismo que la evoluci&#xF3;n? -- &#xBF;No se ha demostrado que la evoluci&#xF3;n es verdad? -- Los dinosaurios &#xBF;se convierten en p&#xE1;jaros? -- La arqueolog&#xED;a &#xBF;respalda la Biblia? -- &#xBF;por qu&#xE9; la creaci&#xF3;n de Dios incluye la muerte y el sufrimiento? -- &#xBF;C&#xF3;mo puede usar esta informaci&#xF3;n para dar testimonio? -- &#xBF;C&#xF3;mo podemos usar a los dinosaurios para difundir el mensaje de la creaci&#xF3;n y el evangelio?</subfield>
  </datafield>
  <datafield tag="526" ind1=" " ind2=" ">
    <subfield code="a">SEG42</subfield>
  </datafield>
  <datafield tag="526" ind1=" " ind2=" ">
    <subfield code="a">SEG41</subfield>
  </datafield>
  <datafield tag="526" ind1=" " ind2=" ">
    <subfield code="a">SEG40</subfield>
  </datafield>
  <datafield tag="526" ind1=" " ind2=" ">
    <subfield code="a">SEG39</subfield>
  </datafield>
  <datafield tag="526" ind1=" " ind2=" ">
    <subfield code="a">P94</subfield>
  </datafield>
  <datafield tag="526" ind1=" " ind2=" ">
    <subfield code="a">P87</subfield>
  </datafield>
  <datafield tag="526" ind1=" " ind2=" ">
    <subfield code="a">P86</subfield>
  </datafield>
  <datafield tag="526" ind1=" " ind2=" ">
    <subfield code="a">P85</subfield>
  </datafield>
  <datafield tag="526" ind1=" " ind2=" ">
    <subfield code="a">P77</subfield>
  </datafield>
  <datafield tag="526" ind1=" " ind2=" ">
    <subfield code="a">P76</subfield>
  </datafield>
  <datafield tag="526" ind1=" " ind2=" ">
    <subfield code="a">P35</subfield>
  </datafield>
  <datafield tag="650" ind1="0" ind2="4">
    <subfield code="a">Evoluci&#xF3;n</subfield>
    <subfield code="x">Aspectos religiosos</subfield>
    <subfield code="x">Cristianismo.</subfield>
  </datafield>
  <datafield tag="700" ind1="1" ind2=" ">
    <subfield code="a">Ham, Ken,</subfield>
    <subfield code="e">editor.</subfield>
  </datafield>
  <datafield tag="910" ind1=" " ind2=" ">
    <subfield code="a">lclll</subfield>
    <subfield code="b">jck</subfield>
    <subfield code="c">lcll</subfield>
    <subfield code="d">20170220</subfield>
  </datafield>
  <datafield tag="910" ind1=" " ind2=" ">
    <subfield code="a">dbm</subfield>
    <subfield code="b">jpc</subfield>
    <subfield code="c">jpc</subfield>
    <subfield code="d">20181204</subfield>
  </datafield>
  <datafield tag="942" ind1=" " ind2=" ">
    <subfield code="2">ddc</subfield>
    <subfield code="c">BOOK</subfield>
  </datafield>
  <datafield tag="949" ind1=" " ind2=" ">
    <subfield code="a">231.765 L5</subfield>
    <subfield code="w">LC</subfield>
    <subfield code="c">1</subfield>
    <subfield code="i">CW00188</subfield>
    <subfield code="m">BUL</subfield>
    <subfield code="p">17.00</subfield>
    <subfield code="r">1</subfield>
    <subfield code="s">Y</subfield>
    <subfield code="t">BOOK</subfield>
    <subfield code="u">2017-02-20</subfield>
    <subfield code="x">WHITE</subfield>
    <subfield code="z">UNKNOWN</subfield>
    <subfield code="0">COMPRA</subfield>
    <subfield code="o">.STAFF. Centro White</subfield>
  </datafield>
  <datafield tag="994" ind1=" " ind2=" ">
    <subfield code="a">C0</subfield>
    <subfield code="b">PEPRUE</subfield>
  </datafield>
  <datafield tag="596" ind1=" " ind2=" ">
    <subfield code="a">1 4</subfield>
  </datafield>
  <datafield tag="999" ind1=" " ind2=" ">
    <subfield code="a">213 H21 V1 2006</subfield>
    <subfield code="w">LC</subfield>
    <subfield code="c">15839</subfield>
    <subfield code="i">CW00188</subfield>
    <subfield code="f">2021-12-22</subfield>
    <subfield code="g">2</subfield>
    <subfield code="l">CCODECWL1</subfield>
    <subfield code="m">BWL</subfield>
    <subfield code="p">17.00</subfield>
    <subfield code="r">1</subfield>
    <subfield code="s">Y</subfield>
    <subfield code="t">BOOK</subfield>
    <subfield code="u">2017-2-20</subfield>
    <subfield code="x">WHITE</subfield>
    <subfield code="z">UNKNOWN</subfield>
    <subfield code="0">COMPRA</subfield>
    <subfield code="o">.STAFF. Centro White</subfield>
    <subfield code="d">15839</subfield>
  </datafield>
  <datafield tag="999" ind1=" " ind2=" ">
    <subfield code="a">213 H21</subfield>
    <subfield code="w">DEWEY</subfield>
    <subfield code="c">1</subfield>
    <subfield code="i">79075</subfield>
    <subfield code="d">2022-6-13</subfield>
    <subfield code="e">2019-9-17</subfield>
    <subfield code="f">2021-11-9</subfield>
    <subfield code="g">4</subfield>
    <subfield code="l">CCODEBUL1</subfield>
    <subfield code="m">BUL</subfield>
    <subfield code="n">10</subfield>
    <subfield code="p">12.32</subfield>
    <subfield code="q">4</subfield>
    <subfield code="r">0</subfield>
    <subfield code="s">Y</subfield>
    <subfield code="t">BOOK</subfield>
    <subfield code="u">2018-12-4</subfield>
    <subfield code="x">TEOLOGIA</subfield>
    <subfield code="P">P85</subfield>
    <subfield code="0">COMPRA</subfield>
    <subfield code="1">FCOMPR2</subfield>
    <subfield code="o">.STAFF. Colecci&#xF3;n Teolog&#xED;a</subfield>
  </datafield>
  <datafield tag="980" ind1=" " ind2=" ">
    <subfield code="8">1</subfield>
    <subfield code="g">ALBERTO SANCHEZ Responsable de Automatizaci&#xF3;n</subfield>
  </datafield>
  <datafield tag="952" ind1=" " ind2=" ">
    <subfield code="r">2025-12-02 00:00:00</subfield>
    <subfield code="i">5</subfield>
    <subfield code="l">12</subfield>
    <subfield code="o">213 H21</subfield>
    <subfield code="p">79075</subfield>
    <subfield code="s">2025-08-25</subfield>
    <subfield code="t">e1</subfield>
    <subfield code="v">17.32</subfield>
    <subfield code="w">2018-12-04</subfield>
    <subfield code="x">PG</subfield>
    <subfield code="y">BK</subfield>
    <subfield code="z">inventario-2023-12-13</subfield>
    <subfield code="1">0</subfield>
    <subfield code="2">ddc</subfield>
    <subfield code="5">0</subfield>
    <subfield code="7">0</subfield>
    <subfield code="8">GEN</subfield>
    <subfield code="f">P85</subfield>
    <subfield code="a">BUL</subfield>
    <subfield code="b">BUL</subfield>
    <subfield code="c">GEN</subfield>
    <subfield code="d">2018-12-04</subfield>
    <subfield code="e">COMPRA</subfield>
    <subfield code="g">12.32</subfield>
  </datafield>
</record>
